000 00805nam a2200253Ia 4500
003 OSt
005 20220918170540.0
006 a|||||r|||| 00| 0
007 ta
008 220917b |||||||| |||| 00| 0 eng d
020 _a9780367479206 (hbk)
_cINR 995.00
024 _a352,820
037 _b219, 06/03/2020, Classic Book Service
_cTextual
040 _aARTS
_cARTS
_beng
041 _2eng
_aeng
082 _aNT445, R0
100 _aKaran Singh Au.
_929755
245 0 _aFolk theatres of North India
_b contestation, amalgamation and transference
260 _aLondon
_bRoutledge UK
_c2020
300 _axiii,197p.
_ccm.
650 _aTHEATER - INDIA
_929756
942 _hNT445, R0
_cTEXL
_2CC
999 _c134654
_d134654